| 000 | 00000nam 2200000za 4500 |
| 001 | 9.629876 |
| 003 | CaOODSP |
| 005 | 20221107134249 |
| 007 | cr ||||||||||| |
| 008 | 150407s2015 onc|||||o f|0| 0 eng d |
| 020 | |a978-1-100-25632-0 |
| 040 | |aCaOODSP|beng |
| 043 | |an-cn--- |
| 086 | 1 |aEm16-7/2015E-PDF |
| 110 | 1 |aCanada.|bEmployment and Social Development Canada. |bSkills and Employment Branch. |
| 245 | 10|aSurvival to success |h[electronic resource] : |btransforming immigrant outcomes; report from the Panel on Employment Challenges of New Canadians. |
| 260 | |a[Ottawa] : |bEmployment and Social Development Canada, |cc2015. |
| 300 | |ai, 30 p. |
| 500 | |aIssued also in French under title: De la survie à la prospérité : transformer la situation des immigrants. |
| 690 | 07|aEmployment|2gcpds |
| 775 | 08|tDe la survie à la prospérité |w(CaOODSP)9.677467 |
| 856 | 40|qPDF|s2.01 MB|uhttps://publications.gc.ca/collections/collection_2015/edsc-esdc/Em16-7-2015-eng.pdf |
| 986 | |aWP-197-03-15 |